| 000 | 00406nam a2200169Ia 4500 | ||
|---|---|---|---|
| 008 | 260330s2024 xx 000 0 und d | ||
| 020 | _a978-0-670-92317-5 | ||
| 041 | _aeng | ||
| 082 |
_a658.4 _bSIS |
||
| 100 | _aSIMON SINEK | ||
| 245 | _aLEADER EAT LAST | ||
| 260 |
_aPune _bPENGUIN BOOKS LTD. PUNE _c2024 |
||
| 300 |
_a350pg _bPB |
||
| 365 | _cRs. | ||
| 650 | _aLeadership | ||
| 700 | _aSIMON SINEK | ||
| 999 |
_c1218194 _d1218194 |
||